00618nam a22001697a 450000500170000001000130001702000140003003500110004403700130005508200080006810000810007624501050015724600790026226000410034127000430038230000230042520210208151815.0 aUR-11022 c200.00a- aU-9577 bDBAD/PUB a841 aا و تا ر کر شن گنجو ،بھا ر تی سحر گا ند ر بلی aقلمی چہل پہلcا و تا ر کر شن گنجو ،بھا ر تی سحر گا ند ر بلی bQalmi Chehal Pahel (Urdu)aby Awtar Krishan Ganju,Bharti Sehar Gander Bili aDelhibJ K Offset Printers c2011 ء aGali Garhaia Jama Masjid,bDelhie6l- a184 ص c22 Cm(Hb)